000 00392nam a22001697a 4500
003 OSt
008 230404b |||||||| |||| 00| 0 eng d
020 _a9788122431919
082 _a174.4 NAI
100 _aNAGARAJAN,K
245 _aIndian Ethos and Values
250 _aEd
260 _aNew Delhi
_bNew Age
_c2011
300 _a147
650 _aIndian Ethos and Values
942 _2ddc
_cBK
999 _c11932
_d11932